Southville International School and Colleges
Your cart is empty.
  • Cart
  • Lists
    Public lists Eva Luna New books Lux_list list_1
    Your lists Log in to create your own lists
  • Log in to your account
  • Your cookies
  • Search history
Southville International School and Colleges
  • Advanced search
  • Recent comments
  • Most popular
  • Libraries

Log in to your account

Log in with GOOGLE


If you do not have an external account, but do have a local account, you can still log in:

  1. Home
  2. MARC view: The loner /
Normal view MARC view ISBD view

The loner / (Record no. 8012)

[ view plain ]
MARC details
000 -LEADER
fixed length control field 01067cam a22003251a 4500
001 - CONTROL NUMBER
control field 7040461
003 - CONTROL NUMBER IDENTIFIER
control field OSt
005 - DATE AND TIME OF LATEST TRANSACTION
control field 20140310182001.0
008 - FIXED-LENGTH DATA ELEMENTS--GENERAL INFORMATION
fixed length control field 720505s1963 nyua j 000 1 eng
010 ## - LIBRARY OF CONGRESS CONTROL NUMBER
LC control number 63009334
020 ## - INTERNATIONAL STANDARD BOOK NUMBER
International Standard Book Number 0590443526
035 ## - SYSTEM CONTROL NUMBER
System control number (OCoLC)302179
040 ## - CATALOGING SOURCE
Original cataloging agency DLC
Transcribing agency ODaWU
Modifying agency OCoLC
-- LLcM
-- DLC
043 ## - GEOGRAPHIC AREA CODE
Geographic area code n-us-mt
050 00 - LIBRARY OF CONGRESS CALL NUMBER
Classification number PZ 7
Item number .W648 1991
082 ## - DEWEY DECIMAL CLASSIFICATION NUMBER
Classification number KF
Item number W63l 1991
100 1# - MAIN ENTRY--PERSONAL NAME
Personal name Wier, Ester.
9 (RLIN) 5202
245 14 - TITLE STATEMENT
Title The loner /
Statement of responsibility, etc Ester Wier ; illustrated by Christine Price.
260 ## - PUBLICATION, DISTRIBUTION, ETC. (IMPRINT)
Place of publication, distribution, etc New York :
Name of publisher, distributor, etc D. McKay Co.,
Date of publication, distribution, etc 1991
300 ## - PHYSICAL DESCRIPTION
Extent 153 p. ;
Other physical details ill. ;
Dimensions 21 cm.
520 ## - SUMMARY, ETC.
Summary, etc A lonely boy who has no home and works as a migrant laborer makes friends with a sheep-raising family.
541 ## - IMMEDIATE SOURCE OF ACQUISITION NOTE
-- 1
562 ## - COPY AND VERSION IDENTIFICATION NOTE
Number of copies For circulation. 1 copy available in the collection
650 #1 - SUBJECT ADDED ENTRY--TOPICAL TERM
Topical term or geographic name as entry element Migrant labor
General subdivision Fiction.
9 (RLIN) 5203
650 #1 - SUBJECT ADDED ENTRY--TOPICAL TERM
Topical term or geographic name as entry element Shepherds
General subdivision Fiction.
9 (RLIN) 5204
651 #1 - SUBJECT ADDED ENTRY--GEOGRAPHIC NAME
Geographic name Montana
General subdivision Fiction.
9 (RLIN) 5205
700 1# - ADDED ENTRY--PERSONAL NAME
Personal name Price, Christine,
Dates associated with a name 1928-
Relator term ill.
9 (RLIN) 5206
906 ## - LOCAL DATA ELEMENT F, LDF (RLIN)
a 7
b cbc
c oclcrpl
d u
e ncip
f 19
g y-gencatlg
942 ## - ADDED ENTRY ELEMENTS (KOHA)
Source of classification or shelving scheme Library of Congress Classification
Koha item type
Call number prefix
Holdings
Withdrawn status Lost status Source of classification or shelving scheme Damaged status Home library Current library Shelving location Date acquired Total Checkouts Full call number Barcode Date last seen Copy number Price effective from Koha item type
    Library of Congress Classification   Luxembourg Library Luxembourg Library Kids Fiction Section 07/29/2013   PZ 7 .W648 1991 3906 06/26/2015 1 07/29/2013 Books

The loner /

APA

Wier E., Price C., . (1991). The loner. New York: D. McKay Co.

Chicago

Wier Ester, Price Christine, . 1991. The loner. New York: D. McKay Co.

Harvard

Wier E., Price C., . (1991). The loner. New York: D. McKay Co.

MLA

Wier Ester, Price Christine, . The loner. New York: D. McKay Co. 1991.

  • Place hold
  • Print
  • Cite
  • Add to your cart (remove)
  • Save record
    BIBTEX Dublin Core MARCXML MARC (non-Unicode/MARC-8) MARC (Unicode/UTF-8) MARC (Unicode/UTF-8, Standard) MODS (XML) RIS
  • More searches
    Search for this title in:
    Other Libraries (WorldCat) Other Databases (Google Scholar) Online Stores (Bookfinder.com) Open Library (openlibrary.org)

Exporting to Dublin Core...

SOUTHVILLE LIBRARY

Southville International School and Colleges Library

1281 Tropical Ave. Cor. Luxembourg St., BF Homes International, Las Pinas City

Tel. No. 8256374 / 252358 Loc. 117/146

Powered by Koha